Säugetiere nach Bildern #1 - Statistiken

Allgemein
  • Dieses Quiz wurde 14.174 mal gespielt
    13.759 seit der letzten Aktualisierung
  • Das Durchschnittsergebnis liegt bei 16 aus 18
Antwortstatistiken
Bildquiz Antwort % Korrekt
Elefant
99%
Fledermaus
99%
Giraffe
99%
Zebra
99%
Eisbär
98%
Delphin
97%
Wolf
97%
Elch
94%
Eichhörnchen
93%
Hamster
93%
Koala
92%
Leopard
92%
Känguru
91%
Gepard
87%
Schnabeltier
85%
Dachs
82%
Schimpanse
80%
Gazelle
64%
Keine übereinstimmenden Quizze gefunden
Verteilung der Resultate
Anzahl Personen mit jedem Resultat
Perzentil nach korrekt beantworteten Fragen
Ihre Resultats-Entwicklung
Sie haben dieses Quiz seit der letzten Aktualisierung nicht gespielt